000 00420nam a2200181Ia 4500
001 2976
005 20260306144846.0
008 260306t2009||||xx |||||||||||||| ||spa||
041 _aESP
082 _a238.2
_bS719
100 _aSayés, José Antonio
_eAUT
245 0 _aMás allá de la muerte
260 _c2009
300 _a177 páginas :
_c20 cm.
650 _aGEN
654 _aCHU
942 _cLIB
_dJUS
_fJUS
_2ddc
_n
999 _c2976
_d2976